000
00249nam a2200109Ia 4500
008
230917s9999||||xx |||||||||||||| ||und||
040
_e
192216
_a
MAIN
041
_a
English
100
_a
Kapoor, Jainarain
245
0
_a
Three musketeers
942
_c
BK
999
_c
208716
_d
208716